000 01072cam a2200133 4500500
005 20260405052514.0
041 _afre
042 _adc
100 1 0 _aNastri, Giuseppe Giacomo
_eauthor
245 0 0 _aL'amour trinitaire et son refus par la modernité
260 _bL'Harmattan,
_c2005.
520 _aL’approche de la religion catholique peut se faire soit par la voie mystique, soit par l’appréciation de ses accomplissements ou de sa pensée. La première voie est la plus élevée mais l’appel à la parcourir n’est pas donné à tous. La deuxième approche serait la plus naturelle mais elle requiert un cœur pur dans le jugement du comportement des croyants. La dernière approche est un chemin qui aujourd’hui est rendu très ardu par un système médiatique, éducatif et culturel voué à l’interprétation. Tel est l’aboutissement de 5 siècles d’efforts philosophiques pour se débarrasser de Dieu.
856 4 1 _uhttps://shs.cairn.info/lamour-trinitaire-et-son-refus-par-la-modernite--9782747586665?lang=fr&redirect-ssocas=7080
999 _c2185683
_d2185683